<?xml version="1.0" encoding="UTF-8"?>
<record
    xmlns:xsi="http://www.w3.org/2001/XMLSchema-instance"
    xsi:schemaLocation="http://www.loc.gov/MARC21/slim http://www.loc.gov/standards/marcxml/schema/MARC21slim.xsd"
    xmlns="http://www.loc.gov/MARC21/slim">

  <leader>04284cam a22005295i 4500</leader>
  <controlfield tag="001">23259001</controlfield>
  <controlfield tag="003">EG-ScBUE</controlfield>
  <controlfield tag="005">20240819091841.0</controlfield>
  <controlfield tag="008">230803t2020    vtuab  f b    000 m eng d</controlfield>
  <datafield tag="020" ind1=" " ind2=" ">
    <subfield code="a">9780804852784</subfield>
  </datafield>
  <datafield tag="020" ind1=" " ind2=" ">
    <subfield code="a">0804852782</subfield>
  </datafield>
  <datafield tag="035" ind1=" " ind2=" ">
    <subfield code="a">(OCoLC)on1240208137</subfield>
  </datafield>
  <datafield tag="040" ind1=" " ind2=" ">
    <subfield code="a">AU@</subfield>
    <subfield code="b">eng</subfield>
    <subfield code="e">rda</subfield>
    <subfield code="c">AU@</subfield>
    <subfield code="d">YDX</subfield>
    <subfield code="d">GK8</subfield>
    <subfield code="d">GZD</subfield>
    <subfield code="d">OCLCO</subfield>
    <subfield code="d">JTH</subfield>
    <subfield code="d">OCLCO</subfield>
    <subfield code="d">LEB</subfield>
    <subfield code="d">OCLCO</subfield>
    <subfield code="d">OCLCF</subfield>
    <subfield code="d">MHA</subfield>
    <subfield code="d">JTH</subfield>
    <subfield code="d">UND</subfield>
    <subfield code="d">Y38</subfield>
    <subfield code="d">OCLCO</subfield>
    <subfield code="d">KLG</subfield>
    <subfield code="d">VAN</subfield>
    <subfield code="d">OCLCO</subfield>
    <subfield code="d">OCLCQ</subfield>
    <subfield code="d">OCLCO</subfield>
    <subfield code="d">OCL</subfield>
    <subfield code="d">YDX</subfield>
    <subfield code="d">CCI</subfield>
    <subfield code="d">DLC</subfield>
    <subfield code="d">EG-ScBUE</subfield>
  </datafield>
  <datafield tag="041" ind1="1" ind2=" ">
    <subfield code="a">eng</subfield>
    <subfield code="a">chi</subfield>
    <subfield code="h">chi</subfield>
  </datafield>
  <datafield tag="043" ind1=" " ind2=" ">
    <subfield code="a">a-cc---</subfield>
  </datafield>
  <datafield tag="082" ind1="0" ind2="4">
    <subfield code="a">495.1864</subfield>
    <subfield code="2">22</subfield>
    <subfield code="b">LIN</subfield>
  </datafield>
  <datafield tag="100" ind1="1" ind2=" ">
    <subfield code="a">Ling, Vivian,</subfield>
    <subfield code="e">author.</subfield>
  </datafield>
  <datafield tag="245" ind1="1" ind2="0">
    <subfield code="a">Chinese stories for language learners :</subfield>
    <subfield code="b">a treasury of proverbs and folktales in Chinese and English /</subfield>
    <subfield code="c">Vivian Ling &amp; Wang Peng ; illustrated by Yang Xi.</subfield>
  </datafield>
  <datafield tag="250" ind1=" " ind2=" ">
    <subfield code="a">First edition.</subfield>
  </datafield>
  <datafield tag="264" ind1=" " ind2="1">
    <subfield code="a">Rutland, Vermont :</subfield>
    <subfield code="b">Tuttle Publishing,</subfield>
    <subfield code="c">[2020]</subfield>
  </datafield>
  <datafield tag="264" ind1=" " ind2="4">
    <subfield code="c">&#xA9;2020</subfield>
  </datafield>
  <datafield tag="300" ind1=" " ind2=" ">
    <subfield code="a">255 pages :</subfield>
    <subfield code="b">illustrations, map ;</subfield>
    <subfield code="c">23 cm +</subfield>
    <subfield code="e">1 audio disc</subfield>
  </datafield>
  <datafield tag="336" ind1=" " ind2=" ">
    <subfield code="a">text</subfield>
    <subfield code="b">txt</subfield>
    <subfield code="2">rdacontent</subfield>
  </datafield>
  <datafield tag="336" ind1=" " ind2=" ">
    <subfield code="a">still image</subfield>
    <subfield code="b">sti</subfield>
    <subfield code="2">rdacontent</subfield>
  </datafield>
  <datafield tag="336" ind1=" " ind2=" ">
    <subfield code="a">spoken word</subfield>
    <subfield code="b">spw</subfield>
    <subfield code="2">rdacontent</subfield>
  </datafield>
  <datafield tag="336" ind1=" " ind2=" ">
    <subfield code="a">cartographic image</subfield>
    <subfield code="b">cri</subfield>
    <subfield code="2">rdacontent</subfield>
  </datafield>
  <datafield tag="337" ind1=" " ind2=" ">
    <subfield code="a">unmediated</subfield>
    <subfield code="b">n</subfield>
    <subfield code="2">rdamedia</subfield>
  </datafield>
  <datafield tag="337" ind1=" " ind2=" ">
    <subfield code="a">audio</subfield>
    <subfield code="b">s</subfield>
    <subfield code="2">rdamedia</subfield>
  </datafield>
  <datafield tag="338" ind1=" " ind2=" ">
    <subfield code="a">volume</subfield>
    <subfield code="b">nc</subfield>
    <subfield code="2">rdacarrier</subfield>
  </datafield>
  <datafield tag="338" ind1=" " ind2=" ">
    <subfield code="a">audio disc</subfield>
    <subfield code="b">sd</subfield>
    <subfield code="2">rdacarrier</subfield>
  </datafield>
  <datafield tag="504" ind1=" " ind2=" ">
    <subfield code="a">Includes bibliographical references.</subfield>
  </datafield>
  <datafield tag="505" ind1="0" ind2=" ">
    <subfield code="a">Why we wrote this book -- The literary origins of the stories in this book -- An alphabetical list of the Chinese sayings -- Marking a boat to locate a lost sword / Modern wives and traditional husbands -- Learning the Handan Walk / China opens to the world -- Like a frog at the bottom of a well / A country boy becomes a scholar -- The bamboo painter with real bamboo in his heart / Why risk failure? -- Painting the eyes on a dragon / The importance of book titles -- The great teacher who provided equal opportunities for his students / Need-blind college admissions -- The fox who uses the tiger's prowess / Madame Mao: a paper tiger -- Trust old horses to know the way / China calls back an "old horse who knows the way" for US-China trade talks -- Waiting for rabbits by a tree stump / Waiting at Starbucks for a mate -- When the city gate burns, fish in the moat suffer disaster / The collateral damage of a divorce -- The old frontiersman who lost his horse / Missing an ill-fated flight -- Pure water has no fish; Scrupulous people have no friends / Learning to be a friend of "perfect" people -- Bo Le recognizes a superb horse / Recruiting superb language teachers -- Planning lies with man, but success lies with Heaven / Chasing your dreams -- Azure blue is from indigo but surpasses indigo / Leonardo Da Vinci and Maya Lin -- Choosing between fish and bear paws / Juggling career and family life -- An imposter in the orchestra / A college admission scandal -- People cannot be judged by their appearance; Oceans cannot be measured with a bucket -- Uprooting sprouts to help them grow / Cultivating musical talent -- Keep the mountain green so you'll have firewood to burn / Arising from the ashes of war -- Covering one's ears to steal a bell / The massacre at Wounded Knee -- The underdog who changed history / A life transformed by education.</subfield>
  </datafield>
  <datafield tag="520" ind1=" " ind2=" ">
    <subfield code="a">This book presents 22 classic Chinese proverbs and the traditional tales behind them. The stories are bilingual, with the Chinese and English versions presented on facing pages. Each includes an explanation of how the proverb is used today, cultural notes, vocabulary and discussion questions. Audio recordings of the tales by native Mandarin speakers are included, giving students a chance to improve their pronunciation and comprehension.</subfield>
  </datafield>
  <datafield tag="546" ind1=" " ind2=" ">
    <subfield code="a">In English and Chinese.</subfield>
  </datafield>
  <datafield tag="650" ind1=" " ind2="7">
    <subfield code="a">Chinese language</subfield>
    <subfield code="v">Readers.</subfield>
    <subfield code="2">BUEsh</subfield>
  </datafield>
  <datafield tag="650" ind1=" " ind2="7">
    <subfield code="a">Short stories, Chinese</subfield>
    <subfield code="v">Readers.</subfield>
    <subfield code="2">BUEsh</subfield>
  </datafield>
  <datafield tag="650" ind1=" " ind2="7">
    <subfield code="a">Tales</subfield>
    <subfield code="z">China.</subfield>
    <subfield code="2">BUEsh</subfield>
  </datafield>
  <datafield tag="650" ind1=" " ind2="7">
    <subfield code="a">Legends</subfield>
    <subfield code="z">China.</subfield>
    <subfield code="2">BUEsh</subfield>
  </datafield>
  <datafield tag="650" ind1=" " ind2="7">
    <subfield code="a">Chinese language</subfield>
    <subfield code="x">Study and teaching</subfield>
    <subfield code="x">Foreign speakers.</subfield>
    <subfield code="2">BUEsh</subfield>
  </datafield>
  <datafield tag="650" ind1=" " ind2="7">
    <subfield code="a">Chinese language</subfield>
    <subfield code="x">Study and teaching</subfield>
    <subfield code="x">English speakers.</subfield>
    <subfield code="2">BUEsh</subfield>
  </datafield>
  <datafield tag="650" ind1=" " ind2="7">
    <subfield code="a">Reading comprehension</subfield>
    <subfield code="v">Problems, exercises, etc.</subfield>
    <subfield code="2">BUEsh</subfield>
  </datafield>
  <datafield tag="653" ind1=" " ind2=" ">
    <subfield code="c">August2024</subfield>
    <subfield code="b">HHUUCCHH</subfield>
  </datafield>
  <datafield tag="655" ind1=" " ind2=" ">
    <subfield code="v">Reading book</subfield>
  </datafield>
  <datafield tag="700" ind1="1" ind2=" ">
    <subfield code="a">Peng, Wang</subfield>
    <subfield code="e">author.</subfield>
  </datafield>
  <datafield tag="700" ind1="1" ind2=" ">
    <subfield code="a">Yang, Xi,</subfield>
    <subfield code="d">1978-</subfield>
    <subfield code="e">illustrator.</subfield>
  </datafield>
  <datafield tag="942" ind1=" " ind2=" ">
    <subfield code="2">ddc</subfield>
    <subfield code="c">BB</subfield>
  </datafield>
  <datafield tag="999" ind1=" " ind2=" ">
    <subfield code="c">30804</subfield>
    <subfield code="d">30775</subfield>
  </datafield>
  <datafield tag="952" ind1=" " ind2=" ">
    <subfield code="0">0</subfield>
    <subfield code="1">0</subfield>
    <subfield code="2">ddc</subfield>
    <subfield code="4">0</subfield>
    <subfield code="7">0</subfield>
    <subfield code="8">Baccah</subfield>
    <subfield code="a">MAIN</subfield>
    <subfield code="b">MAIN</subfield>
    <subfield code="c">2ND</subfield>
    <subfield code="d">2024-08-19</subfield>
    <subfield code="e">Purchase</subfield>
    <subfield code="g">1061.00</subfield>
    <subfield code="h">38410</subfield>
    <subfield code="l">1</subfield>
    <subfield code="o">495.1864 LIN</subfield>
    <subfield code="p">000057159</subfield>
    <subfield code="q">2025-05-13</subfield>
    <subfield code="r">2025-04-13 00:00:00</subfield>
    <subfield code="s">2025-04-13</subfield>
    <subfield code="v">1326.00</subfield>
    <subfield code="w">2024-08-19</subfield>
    <subfield code="y">BB</subfield>
  </datafield>
</record>
